000
00343nam a22001337a 4500
003
SGT
020
_a
9789390101986
082
_a
954
_b
E20S
100
_a
शर्मा, हेमंत
245
_a
एकदा भारतवर्षे
260
_b
प्रभात प्रकाशन
_c
2020
300
_a
352
942
_2
ddc
_c
BK
999
_c
27906
_d
27906